000 01220nam a22002297a 4500
005 20150202141013.0
008 131114b2010 ck ||||| |||| 00| 0 spa d
040 _aCO-BoIAVH
_cCO-BoIAVH
041 _aspa
044 _ack
090 _a IAVH
_b01492
100 _aGonzalez Campos-Diana Paola
_92541
245 _aIdentificacion de la oferta floral y elaboracion de calendarios florales de especies vegetales asociadas a los apiarios de los municipios de Pitalito y San Agustín departamento de Hulia, Colombia
_bProyecto: determinacion de la oferta floral apícola como mecanismo para optimizar producción,diferenciar productos de la colmena y mejorar competitividad.
260 _aNevia
_bInstituto de Investigación de Recursos Biológicos Alexander von Humboldt
_c2010
300 _a118 p.
_bil,graf,cuadr.
_c27 cm.
520 _aSe realizo la descripcion florística y caracterizacion de la vegetacion asociada a dos apiarios de los municipios de Pitalito y San Agustín.
650 _aFlora apícola
_92525
650 _aPlantas nectaríferas
_zPitalito (Huila)
_932458
650 _aPlantas poliníferas
_zSan Agustin (Huila)
_932459
700 _aSantofimio García- Lina Fernanda
_92544
942 _2z
_cINFORME
999 _c7799
_d7799